000 00847nam0a22002411 4500
001 rc\748299
005 20250622120002.0
035 _a(NLR Aleph) 006276983
090 _a7009414
_c7009414
100 _a20040301d1985 |||y0rusy50 ca
101 0 _arus
102 _aRU
105 _ay |||||||||
200 1 _aКомплексная система повышения эффективности производства и качества работы в пищевой промышленности
210 _aМ.
_cАгропромиздат
_d1985
215 _a167 с.
_d22
700 1 _aВоротеницкая
_bС.С.
_gСима Срульевна
701 1 _aКомаров
_bВ.И.
_gВладимир Иванович
801 0 _aRU
_bNLR
_gpsbo
801 1 _aRU
_bELAR
_2rusmarc
852 _aNLR
_j85-5/5692
942 _cBOOK
980 _aNB